000 00557nam a22002051a 4500
001 7373
003 OSt
005 20260204212128.0
008 071023s2004||||ag ||||||b||||||||||spa||
020 _a9505071779
050 _a371.3078 R471m
100 _aRinderknecht, Patricia
245 _aManual de juegos I: para niños y jóvenes / Patricia Rinderknecht y Luis Perez Aguirre
264 _aArgentina : Bonum
300 _a201 p
500 _aIncluye indice
650 _aJuegos - Educación
700 _aPoeerez Aguirre, LuísÌ
942 _2ddc
_cBK
999 _c7373
_d7373